Basic & clinical pharmacology / (Record no. 23514)
[ view plain ]
| 000 -LEADER | |
|---|---|
| fixed length control field | 00983cam a22002895a 4500 |
| 001 - CONTROL NUMBER | |
| control field | 12892607 |
| 005 - DATE AND TIME OF LATEST TRANSACTION | |
| control field | 20161208110314.0 |
| 008 - FIXED-LENGTH DATA ELEMENTS--GENERAL INFORMATION | |
| fixed length control field | 150518t2015 nyua frb 001 0 eng d |
| 020 ## - INTERNATIONAL STANDARD BOOK NUMBER | |
| International Standard Book Number | 9781259252907 |
| 020 ## - INTERNATIONAL STANDARD BOOK NUMBER | |
| International Standard Book Number | 1259252906 |
| 040 ## - CATALOGING SOURCE | |
| Original cataloging agency | EG-ScBUE |
| Language of cataloging | eng |
| Transcribing agency | EG-ScBUE |
| Modifying agency | EG-ScBUE |
| 082 04 - DEWEY DECIMAL CLASSIFICATION NUMBER | |
| Edition number | 22 |
| Classification number | 615.1 |
| Item number | BAS |
| 245 00 - TITLE STATEMENT | |
| Title | Basic & clinical pharmacology / |
| Statement of responsibility, etc | [edited by] Bertram G. Katzung, Anthony J. Trevor. |
| 246 30 - VARYING FORM OF TITLE | |
| Title proper/short title | Basic and clinical pharmacology |
| 250 ## - EDITION STATEMENT | |
| Edition statement | 13th ed., International ed. |
| 260 ## - PUBLICATION, DISTRIBUTION, ETC. (IMPRINT) | |
| Place of publication, distribution, etc | New York : |
| Name of publisher, distributor, etc | McGraw-Hill Education, |
| Date of publication, distribution, etc | c.2015. |
| 300 ## - PHYSICAL DESCRIPTION | |
| Extent | xi, 1203 p. : |
| Other physical details | ill. ; |
| Dimensions | 28 cm. |
| 490 0# - Series Statement | |
| Series statement | McGraw-Hill's AccessMedicine |
| 490 0# - Series Statement | |
| Series statement | Lange medical book |
| 504 ## - BIBLIOGRAPHY, ETC. NOTE | |
| Bibliography, etc | Includes bibliographical references and indexes. |
| 650 #7 - SUBJECT ADDED ENTRY--TOPICAL TERM | |
| Topical term or geographic name as entry element | Clinical pharmacology. |
| Source of heading or term | BUEsh |
| 9 (RLIN) | 38454 |
| 650 #7 - SUBJECT ADDED ENTRY--TOPICAL TERM | |
| Topical term or geographic name as entry element | Pharmacology. |
| Source of heading or term | BUEsh |
| 9 (RLIN) | 12590 |
| 653 ## - INDEX TERM--UNCONTROLLED | |
| Resource For college | Pharmacy |
| Arrived date list | December2016 |
| 700 1# - ADDED ENTRY--PERSONAL NAME | |
| Personal name | Katzung, Bertram G., |
| Relator term | editor. |
| 700 1# - ADDED ENTRY--PERSONAL NAME | |
| Personal name | Trevor, Anthony J., |
| Relator term | editor. |
| 942 ## - ADDED ENTRY ELEMENTS (KOHA) | |
| Source of classification or shelving scheme | Dewey Decimal Classification |
| Withdrawn status | Item status | Source of classification or shelving scheme | Damaged status | Not for loan | Vendor | Home library | Current library | Shelving location | Date acquired | Source of acquisition | Cost, normal purchase price | Total Checkouts | Total Renewals | Full call number | Barcode | Date last seen | Date last borrowed | Cost, replacement price | Koha item type |
|---|---|---|---|---|---|---|---|---|---|---|---|---|---|---|---|---|---|---|---|
| Dewey Decimal Classification | Alahram | Central Library | Central Library | First floor | 08/12/2016 | Purchase | 292.00 | 1 | 17 | 615.1 BAS | 000040305 | 15/07/2025 | 09/10/2019 | 365.00 | Book - Borrowing |